[Rezension von: Hoge, R., Research on Men's Vocations to the Priesthood and the Religious Life]
| Main Author: | |
|---|---|
| Format: | Electronic Review |
| Language: | English |
| Check availability: | HBZ Gateway |
| Interlibrary Loan: | Interlibrary Loan for the Fachinformationsdienste (Specialized Information Services in Germany) |
| Published: |
1986
|
| In: |
Review of religious research
Year: 1986, Volume: 27, Issue: 3, Pages: 269-270 |
| Review of: | Research on men's vocations to the priesthood and the religious life (Washington, D.C. (1312 Massachusetts Ave., N.W., Washington 20005) : U.S. Catholic Conference, 1984) (O'Connell, Brian J.)
|
| Further subjects: | B
Book review
|
| Online Access: |
Volltext (lizenzpflichtig) Volltext (lizenzpflichtig) |
MARC
| LEADER | 00000naa a22000002c 4500 | ||
|---|---|---|---|
| 001 | 1822403685 | ||
| 003 | DE-627 | ||
| 005 | 20221115213445.0 | ||
| 007 | cr uuu---uuuuu | ||
| 008 | 221115s1986 xx |||||oo 00| ||eng c | ||
| 024 | 7 | |a 10.2307/3511426 |2 doi | |
| 035 | |a (DE-627)1822403685 | ||
| 035 | |a (DE-599)KXP1822403685 | ||
| 040 | |a DE-627 |b ger |c DE-627 |e rda | ||
| 041 | |a eng | ||
| 084 | |a 0 |2 ssgn | ||
| 100 | 1 | |a O'Connell, Brian J. |e VerfasserIn |4 aut | |
| 245 | 1 | 0 | |a [Rezension von: Hoge, R., Research on Men's Vocations to the Priesthood and the Religious Life] |
| 264 | 1 | |c 1986 | |
| 336 | |a Text |b txt |2 rdacontent | ||
| 337 | |a Computermedien |b c |2 rdamedia | ||
| 338 | |a Online-Ressource |b cr |2 rdacarrier | ||
| 655 | 7 | |a Rezension |0 (DE-588)4049712-4 |0 (DE-627)106186019 |0 (DE-576)209083166 |2 gnd-content | |
| 773 | 0 | 8 | |i Enthalten in |t Review of religious research |d London : Sage Publications, 1959 |g 27(1986), 3, Seite 269-270 |h Online-Ressource |w (DE-627)362776326 |w (DE-600)2100833-4 |w (DE-576)257192638 |x 2211-4866 |7 nnas |
| 773 | 1 | 8 | |g volume:27 |g year:1986 |g number:3 |g pages:269-270 |
| 787 | 0 | 8 | |i Rezension von |a Hoge, Dean R., 1937 - 2008 |t Research on men's vocations to the priesthood and the religious life |d Washington, D.C. (1312 Massachusetts Ave., N.W., Washington 20005) : U.S. Catholic Conference, 1984 |h 95 p. |w (DE-627)1114410551 |w (DE-576)044410557 |
| 856 | 4 | 0 | |u https://doi.org/10.2307/3511426 |x Resolving-System |z lizenzpflichtig |3 Volltext |7 1 |
| 856 | 4 | 0 | |u https://www.jstor.org/stable/3511426 |x Verlag |z lizenzpflichtig |3 Volltext |7 1 |
| 935 | |a mteo | ||
| 951 | |a AR | ||
| ELC | |a 1 | ||
| ITA | |a 1 |t 1 | ||
| LOK | |0 000 xxxxxcx a22 zn 4500 | ||
| LOK | |0 001 421104706X | ||
| LOK | |0 003 DE-627 | ||
| LOK | |0 004 1822403685 | ||
| LOK | |0 005 20221115052657 | ||
| LOK | |0 008 221115||||||||||||||||ger||||||| | ||
| LOK | |0 035 |a (DE-Tue135)IxTheo#2022-09-29#8611E4150258C912CAE6AB64A23D4D244C4CF920 | ||
| LOK | |0 040 |a DE-Tue135 |c DE-627 |d DE-Tue135 | ||
| LOK | |0 092 |o n | ||
| LOK | |0 852 |a DE-Tue135 | ||
| LOK | |0 852 1 |9 00 | ||
| LOK | |0 935 |a ixzs |a ixrk |a zota | ||
| LOK | |0 939 |a 15-11-22 |b l01 | ||
| ORI | |a SA-MARC-ixtheoa001.raw | ||
| REL | |a 1 | ||
| SUB | |a REL | ||



